Normal view
MARC view
- Munro Alice
Entry Personal Name
001 - CONTROL NUMBER
- control field: 9834
003 - CONTROL NUMBER IDENTIFIER
- control field: NUST
005 - DATE AND TIME OF LATEST TRANSACTION
- control field: 20180124162410.0
008 - FIXED-LENGTH DATA ELEMENTS
- fixed length control field: 180124|| aca||aabn | a|a d
040 ## - CATALOGING SOURCE
- Original cataloging agency: NUST
- Transcribing agency: NUST
100 ## - HEADING--PERSONAL NAME
- Personal name: Munro Alice
670 ## - SOURCE DATA FOUND
- Source citation: Work cat.: (NUST)324870: Munro Alice, The beggar maid, 2004
